00405nam a2200133Ia 4500008004100000100001300041245004800054245005600102260000900158300002700167440004500194500001100239650002100250170725s9999 xx 000 0 und d aLin Deng aMutation operators for testing Android apps cLin Deng, Jeff Offutt, Paul Ammann, Nariman Mirzaei c2017 apages 154-168, January aInformation and software technologyv81: aCJ0030 aMutation Testing